[Event "Budapes FS07 Nadassy"]
[Site "Budapest"]
[Date "2021.07.09"]
[Round "6.1"]
[White "Mrithyunjay, Mahadevan"]
[Black "Schenkerik, Csaba"]
[Result "1/2-1/2"]
[WhiteElo "1778"]
[BlackElo "1836"]
[PlyCount "152"]
[EventDate "2021.07.03"]
[EventType "schev"]
[EventRounds "14"]
[EventCountry "HUN"]
[SourceTitle "EXT 2022"]
[Source "ChessBase"]
[SourceDate "2021.10.06"]
[SourceVersion "1"]
[SourceVersionDate "2021.10.06"]
[SourceQuality "1"]
[WhiteTeam "Team B"]
[BlackTeam "Team A"]
[WhiteTeamCountry "IND"]
[BlackTeamCountry "HUN"]

1. e4 c6 2. Nf3 d5 3. Nc3 Bg4 4. h3 Bh5 5. exd5 cxd5 6. Bb5+ Nc6 7. g4 Bg6 8. Ne5 Rc8 9. h4 f6 10. Nxg6 hxg6 11. d4 e6 12. Qe2 Kf7 13. Bxc6 bxc6 14. Qa6 Qd7 15. Be3 Bb4 16. f3 Bxc3+ 17. bxc3 Rb8 18. Kd2 Ne7 19. Bf4 Rb6 20. Qa3 Qb7 21. Rae1 Nc8 22. Qa5 Re8 23. g5 Rb5 24. Qc7+ Re7 25. Qxb7 Rexb7 26. h5 fxg5 27. h6 gxh6 28. Be5 Nb6 29. Rxh6 Nc4+ 30. Kd3 Nxe5+ 31. dxe5 Rb1 32. Re2 Rd1+ 33. Ke3 Rbb1 34. Rh7+ Ke8 35. Rxa7 c5 36. Rc7 Re1 37. Rxc5 Rxe2+ 38. Kxe2 Ra1 39. Ra5 Rc1 40. Ra7 Rxc2+ 41. Kd3 Rf2 42. Ke3 Rc2 43. Kd4 Rf2 44. Kc5 Rxf3 45. Kd6 Rxc3 46. Kxe6 Kf8 47. Kxd5 g4 48. Ra4 g3 49. Rg4 Kf7 50. a4 Ra3 51. Kd6 Rd3+ 52. Kc5 Ke6 53. Rg5 Rd5+ 54. Kb6 Rxe5 55. Rxg6+ Kd7 56. Rxg3 Re1 57. Rc3 Rb1+ 58. Ka6 Rb2 59. Rc5 Rb1 60. a5 Rb2 61. Ka7 Rb1 62. a6 Rb2 63. Ka8 Rb1 64. a7 Rb2 65. Rh5 Kc7 66. Rc5+ Kd7 67. Rc1 Rb3 68. Ra1 Rb2 69. Rd1+ Kc7 70. Rg1 Rc2 71. Rb1 Rc3 72. Rb7+ Kc8 73. Rb6 Kc7 74. Re6 Rc1 75. Re7+ Kc8 76. Rc7+ Kxc7 1/2-1/2

[Event "Budapes FS07 Nadassy"]
[Site "Budapest"]
[Date "2021.07.06"]
[Round "4.1"]
[White "Levitan, Caleb Levi"]
[Black "Schenkerik, Csaba"]
[Result "1/2-1/2"]
[WhiteElo "1645"]
[BlackElo "1836"]
[PlyCount "101"]
[EventDate "2021.07.03"]
[EventType "schev"]
[EventRounds "14"]
[EventCountry "HUN"]
[SourceTitle "EXT 2022"]
[Source "ChessBase"]
[SourceDate "2021.10.06"]
[SourceVersion "1"]
[SourceVersionDate "2021.10.06"]
[SourceQuality "1"]
[WhiteTeam "Team B"]
[BlackTeam "Team A"]
[WhiteTeamCountry "IND"]
[BlackTeamCountry "HUN"]

1. d4 Nf6 2. Bf4 e6 3. e3 c5 4. c3 b6 5. Nd2 cxd4 6. exd4 Bb7 7. Ngf3 Nc6 8. Bd3 Be7 9. 0-0 0-0 10. h3 Nd5 11. Bg3 f5 12. Re1 Qe8 13. Qc2 Qh5 14. Be2 Qh6 15. Nc4 f4 16. Bh2 Rf6 17. Nce5 Nxe5 18. Nxe5 Qg5 19. Bf3 Bd6 20. Qd2 Rd8 21. c4 Bb4 22. Qe2 Ba6 23. Red1 Ne7 24. Rac1 Nf5 25. Ng4 Rff8 26. a3 Bd6 27. b4 Nh4 28. b5 Bc8 29. Re1 Bxa3 30. Ra1 Nxf3+ 31. Qxf3 Bb2 32. Rad1 d6 33. Re2 h5 34. Rxb2 hxg4 35. Qxg4 Qxg4 36. hxg4 e5 37. f3 Be6 38. d5 Bc8 39. Ra1 Rd7 40. Rba2 Rff7 41. Kf2 g5 42. Ke2 Rb7 43. Kd3 Bd7 44. Bg1 Be8 45. Bf2 Kg7 46. Be1 Rfc7 47. Bb4 Bg6+ 48. Kc3 Rd7 49. Rh1 Rb8 50. Rha1 Rbb7 51. Rh1 1/2-1/2

[Event "Budapest FS06 Nadassy"]
[Site "Budapest"]
[Date "2021.06.11"]
[Round "7.3"]
[White "Toth, Lili1"]
[Black "Schenkerik, Csaba"]
[Result "1/2-1/2"]
[WhiteElo "1721"]
[BlackElo "1929"]
[PlyCount "60"]
[EventDate "2021.06.05"]
[EventType "tourn"]
[EventRounds "12"]
[EventCountry "HUN"]
[SourceTitle "EXT 2022"]
[Source "ChessBase"]
[SourceDate "2021.10.06"]
[SourceVersion "1"]
[SourceVersionDate "2021.10.06"]
[SourceQuality "1"]
[WhiteTeam "Team Lower Elo"]
[BlackTeam "Team Higher Elo"]
[WhiteTeamCountry "HUN"]
[BlackTeamCountry "HUN"]

1. Nf3 Nf6 2. c4 g6 3. Nc3 d5 4. cxd5 Nxd5 5. h4 Bg7 6. e4 Nxc3 7. bxc3 0-0 8. d4 c5 9. Be3 Nc6 10. Rb1 cxd4 11. cxd4 Qa5+ 12. Qd2 Qxd2+ 13. Kxd2 Rd8 14. Kc3 Bg4 15. Bb5 Bxf3 16. Bxc6 bxc6 17. gxf3 c5 18. Kd3 Bxd4 19. Bxd4 Rxd4+ 20. Ke3 Rad8 21. Rhc1 Rd3+ 22. Kf4 Ra3 23. Rxc5 Rdd3 24. Rb3 Rdxb3 25. axb3 Rxb3 26. Ra5 Rb7 27. Kg3 Kg7 28. f4 Rc7 29. f3 Rb7 30. Ra6 Rd7 1/2-1/2

[Event "Budapest FS06 Nadassy"]
[Site "Budapest"]
[Date "2021.06.10"]
[Round "6.3"]
[White "Schenkerik, Csaba"]
[Black "Lohia, Sohum"]
[Result "1/2-1/2"]
[WhiteElo "1929"]
[BlackElo "1887"]
[PlyCount "60"]
[EventDate "2021.06.05"]
[EventType "tourn"]
[EventRounds "12"]
[EventCountry "HUN"]
[SourceTitle "EXT 2022"]
[Source "ChessBase"]
[SourceDate "2021.10.06"]
[SourceVersion "1"]
[SourceVersionDate "2021.10.06"]
[SourceQuality "1"]
[WhiteTeam "Team Higher Elo"]
[BlackTeam "Team Lower Elo"]
[WhiteTeamCountry "HUN"]
[BlackTeamCountry "HUN"]

1. c4 b6 2. Nc3 Bb7 3. d4 Nf6 4. Nf3 Ne4 5. Bd2 g6 6. g3 Bg7 7. Bg2 Nxd2 8. Qxd2 d6 9. 0-0 0-0 10. Rfe1 Nd7 11. Rad1 Re8 12. e4 e5 13. d5 a5 14. h4 h6 15. Qc2 Nc5 16. Bh3 Bc8 17. Bxc8 Qxc8 18. Kg2 f5 19. h5 f4 20. hxg6 Qg4 21. Nh4 Bf6 22. Qe2 Qxe2 23. Rxe2 Bxh4 24. gxh4 h5 25. Kf3 Kg7 26. Rg1 Rf8 27. b3 Rf6 28. Ree1 Raf8 29. Rg2 Rxg6 30. Rxg6+ Kxg6 1/2-1/2

[Event "Budapest FS06 Nadassy"]
[Site "Budapest"]
[Date "2021.06.09"]
[Round "5.3"]
[White "Vicze, Kata"]
[Black "Schenkerik, Csaba"]
[Result "1/2-1/2"]
[WhiteElo "1779"]
[BlackElo "1929"]
[PlyCount "60"]
[EventDate "2021.06.05"]
[EventType "tourn"]
[EventRounds "12"]
[EventCountry "HUN"]
[SourceTitle "EXT 2022"]
[Source "ChessBase"]
[SourceDate "2021.10.06"]
[SourceVersion "1"]
[SourceVersionDate "2021.10.06"]
[SourceQuality "1"]
[WhiteTeam "Team Lower Elo"]
[BlackTeam "Team Higher Elo"]
[WhiteTeamCountry "HUN"]
[BlackTeamCountry "HUN"]

1. e4 e5 2. Nf3 d6 3. d4 Bg4 4. Bc4 exd4 5. Qxd4 Nc6 6. Qe3 Qd7 7. Bd2 0-0-0 8. Nc3 g6 9. 0-0-0 Bg7 10. h3 Bxf3 11. Qxf3 Ne5 12. Qe2 Ne7 13. Bb3 f5 14. Bg5 Rde8 15. f4 N5c6 16. e5 h6 17. Bh4 g5 18. Bf2 Ng6 19. Qb5 Nxf4 20. g3 Rxe5 21. Nd5 Nxd5 22. Bxd5 a6 23. Qb3 Re2 24. Rhe1 Na5 25. Qd3 Rxe1 26. Rxe1 Qb5 27. Qxb5 axb5 28. Be6+ Kd8 29. Bxf5 Re8 30. Rxe8+ Kxe8 1/2-1/2

[Event "Budapest FS06 Nadassy"]
[Site "Budapest"]
[Date "2021.06.06"]
[Round "2.3"]
[White "Lohia, Sohum"]
[Black "Schenkerik, Csaba"]
[Result "1/2-1/2"]
[WhiteElo "1887"]
[BlackElo "1929"]
[PlyCount "60"]
[EventDate "2021.06.05"]
[EventType "tourn"]
[EventRounds "12"]
[EventCountry "HUN"]
[SourceTitle "EXT 2022"]
[Source "ChessBase"]
[SourceDate "2021.10.06"]
[SourceVersion "1"]
[SourceVersionDate "2021.10.06"]
[SourceQuality "1"]
[WhiteTeam "Team Lower Elo"]
[BlackTeam "Team Higher Elo"]
[WhiteTeamCountry "HUN"]
[BlackTeamCountry "HUN"]

1. e4 c6 2. d4 d5 3. exd5 cxd5 4. Bf4 Nc6 5. c3 Nf6 6. Bd3 Qb6 7. Qb3 Qxb3 8. axb3 Nh5 9. Bg3 Bd7 10. b4 Nd8 11. Nf3 g6 12. 0-0 Bg7 13. Re1 Ne6 14. Nbd2 0-0 15. Ne5 Rfd8 16. Ra5 Be8 17. Rea1 Nxg3 18. hxg3 Bxe5 19. dxe5 a6 20. Nb3 Rac8 21. Nd4 Nxd4 22. cxd4 Rc6 23. b5 Rb6 24. bxa6 bxa6 25. R1a2 Rb4 26. Bxa6 Rxd4 27. Bb7 Rd1+ 28. Kh2 Kg7 29. Ra8 Rxa8 30. Rxa8 Bd7 1/2-1/2

[Event "Budapest Vezerkepzo FM 5th"]
[Site "Budapest"]
[Date "2021.05.30"]
[Round "9.1"]
[White "Schenkerik, Csaba"]
[Black "Farkas, Otto Jr"]
[Result "1/2-1/2"]
[WhiteElo "1933"]
[BlackElo "1981"]
[PlyCount "58"]
[EventDate "2021.05.22"]
[EventType "schev"]
[EventRounds "10"]
[EventCountry "HUN"]
[SourceTitle "EXT 2022"]
[Source "ChessBase"]
[SourceDate "2021.10.06"]
[SourceVersion "1"]
[SourceVersionDate "2021.10.06"]
[SourceQuality "1"]
[WhiteTeam "Adults"]
[BlackTeam "Youth"]
[WhiteTeamCountry "HUN"]
[BlackTeamCountry "HUN"]

1. e4 Nf6 2. Nc3 d5 3. e5 Nfd7 4. f4 c5 5. d3 e6 6. Nf3 Nc6 7. g3 a6 8. Bg2 b5 9. a3 Bb7 10. 0-0 Qb6 11. Kh1 Be7 12. Bd2 0-0-0 13. Re1 h6 14. Qe2 Rdg8 15. Nd1 g5 16. Be3 gxf4 17. gxf4 Rh7 18. c4 d4 19. Bd2 Rhg7 20. Rg1 bxc4 21. dxc4 Qb3 22. Ne1 Bh4 23. Nf2 Ne7 24. Qd3 Bxg2+ 25. Rxg2 Qb7 26. Ne4 Kb8 27. Rxg7 Rxg7 28. Nf3 Nf5 29. b4 cxb4 1/2-1/2

[Event "Budapest Vezerkepzo FM 5th"]
[Site "Budapest"]
[Date "2021.05.28"]
[Round "7.1"]
[White "Szalay Ocsak, Bank"]
[Black "Schenkerik, Csaba"]
[Result "1-0"]
[WhiteElo "2094"]
[BlackElo "1933"]
[PlyCount "65"]
[EventDate "2021.05.22"]
[EventType "schev"]
[EventRounds "10"]
[EventCountry "HUN"]
[SourceTitle "EXT 2022"]
[Source "ChessBase"]
[SourceDate "2021.10.06"]
[SourceVersion "1"]
[SourceVersionDate "2021.10.06"]
[SourceQuality "1"]
[WhiteTeam "Youth"]
[BlackTeam "Adults"]
[WhiteTeamCountry "HUN"]
[BlackTeamCountry "HUN"]

1. e4 Nf6 2. e5 Nd5 3. d4 d6 4. Nf3 Bg4 5. Be2 e6 6. 0-0 Be7 7. c4 Nb6 8. h3 Bh5 9. Nc3 0-0 10. exd6 cxd6 11. b3 Nc6 12. Be3 d5 13. c5 Bxf3 14. Bxf3 Nc8 15. a3 Bf6 16. b4 a6 17. Rb1 N8e7 18. a4 Nf5 19. Ne2 Nh4 20. Bg4 e5 21. g3 Ng6 22. dxe5 Ngxe5 23. Nd4 Nxg4 24. Qxg4 Ne5 25. Qd1 Nc4 26. Bf4 Qd7 27. Kg2 Bxd4 28. Qxd4 Qxa4 29. Qxd5 Qb5 30. Rfc1 Na3 31. Rb3 Rad8 32. Qf3 Nc4 33. Qc3 1-0

[Event "Budapest Vezerkepzo FM 5th"]
[Site "Budapest"]
[Date "2021.05.26"]
[Round "5.1"]
[White "Schenkerik, Csaba"]
[Black "Lehocz, Jozsef Jr"]
[Result "0-1"]
[WhiteElo "1933"]
[BlackElo "1724"]
[PlyCount "27"]
[EventDate "2021.05.22"]
[EventType "schev"]
[EventRounds "10"]
[EventCountry "HUN"]
[SourceTitle "EXT 2022"]
[Source "ChessBase"]
[SourceDate "2021.10.06"]
[SourceVersion "1"]
[SourceVersionDate "2021.10.06"]
[SourceQuality "1"]
[WhiteTeam "Adults"]
[BlackTeam "Youth"]
[WhiteTeamCountry "HUN"]
[BlackTeamCountry "HUN"]

1. e4 c5 2. Nf3 d6 3. d4 cxd4 4. Nxd4 Nf6 5. Nc3 g6 6. Nd5 Nxd5 7. Bb5+ Bd7 8. exd5 Bxb5 9. Nxb5 Qa5+ 10. Nc3 Bg7 11. Bd2 Nd7 12. Qe2 Rc8 13. Nb5 Qb6 14. Be3 0-1

[Event "Budapest Vezerkepzo FM 5th"]
[Site "Budapest"]
[Date "2021.05.22"]
[Round "1.1"]
[White "Schenkerik, Csaba"]
[Black "Daroczi, Donat"]
[Result "1/2-1/2"]
[WhiteElo "1933"]
[BlackElo "2067"]
[PlyCount "35"]
[EventDate "2021.05.22"]
[EventType "schev"]
[EventRounds "10"]
[EventCountry "HUN"]
[SourceTitle "EXT 2022"]
[Source "ChessBase"]
[SourceDate "2021.10.06"]
[SourceVersion "1"]
[SourceVersionDate "2021.10.06"]
[SourceQuality "1"]
[WhiteTeam "Adults"]
[BlackTeam "Youth"]
[WhiteTeamCountry "HUN"]
[BlackTeamCountry "HUN"]

1. b3 e5 2. Bb2 Nc6 3. e3 d5 4. Bb5 Bd6 5. f4 Qh4+ 6. g3 Qe7 7. Nf3 Bg4 8. fxe5 Bxe5 9. Bxe5 Bxf3 10. Qxf3 Qxe5 11. Nc3 Nge7 12. Bxc6+ bxc6 13. Qf4 Ng6 14. Qxe5+ Nxe5 15. 0-0 h5 16. d4 Ng4 17. Rae1 0-0 18. e4 1/2-1/2

[Event "Budapest FS05 Nadassy"]
[Site "Budapest"]
[Date "2021.05.10"]
[Round "9.3"]
[White "Schenkerik, Csaba"]
[Black "Toth, Nikoletta"]
[Result "1/2-1/2"]
[WhiteElo "1933"]
[BlackElo "1915"]
[PlyCount "82"]
[EventDate "2021.05.01"]
[EventType "schev"]
[EventRounds "10"]
[EventCountry "HUN"]
[SourceTitle "CBM 202 Extra"]
[Source "ChessBase"]
[SourceDate "2021.07.31"]
[SourceVersion "1"]
[SourceVersionDate "2021.07.31"]
[SourceQuality "1"]
[WhiteTeam "Stronger Row"]
[BlackTeam "Weaker Row"]
[WhiteTeamCountry "HUN"]
[BlackTeamCountry "HUN"]

1. e4 e5 2. Nf3 Nc6 3. Bb5 a6 4. Ba4 Nf6 5. 0-0 b5 6. Bb3 Bc5 7. c3 d6 8. d4 Bb6 9. dxe5 dxe5 10. Qxd8+ Nxd8 11. Nxe5 Nxe4 12. Bd5 Bb7 13. Bxe4 Bxe4 14. Re1 f5 15. Nd2 0-0 16. Nxe4 fxe4 17. Be3 Bxe3 18. Rxe3 Re8 19. Rxe4 Nf7 20. f4 g5 21. g3 gxf4 22. gxf4 Nxe5 23. fxe5 Re6 24. Kf2 Kf7 25. Rg1 Rg6 26. Rxg6 hxg6 27. Kf3 Ke6 28. h4 Rf8+ 29. Rf4 Rf5 30. Rxf5 Kxf5 31. e6 Kxe6 32. Ke4 c5 33. b3 a5 34. a4 c4 35. axb5 cxb3 36. Kd3 Kd6 37. c4 Kc5 38. Kc3 a4 39. Kb2 Kb6 40. Ka3 Kc5 41. Kb2 Kb6 1/2-1/2

[Event "Budapest FS05 Nadassy"]
[Site "Budapest"]
[Date "2021.05.07"]
[Round "6.3"]
[White "Gulacsi, Donat Ferenc"]
[Black "Schenkerik, Csaba"]
[Result "1/2-1/2"]
[WhiteElo "1855"]
[BlackElo "1933"]
[PlyCount "66"]
[EventDate "2021.05.01"]
[EventType "schev"]
[EventRounds "10"]
[EventCountry "HUN"]
[SourceTitle "CBM 202 Extra"]
[Source "ChessBase"]
[SourceDate "2021.07.31"]
[SourceVersion "1"]
[SourceVersionDate "2021.07.31"]
[SourceQuality "1"]
[WhiteTeam "Weaker Row"]
[BlackTeam "Stronger Row"]
[WhiteTeamCountry "HUN"]
[BlackTeamCountry "HUN"]

1. d4 d5 2. Nf3 Nf6 3. e3 e6 4. Bd3 Be7 5. Nbd2 0-0 6. 0-0 b6 7. c3 Bb7 8. Re1 Nbd7 9. e4 dxe4 10. Nxe4 Bxe4 11. Bxe4 Nxe4 12. Rxe4 Nf6 13. Re2 c5 14. Be3 Qc7 15. dxc5 Bxc5 16. Bxc5 Qxc5 17. Qd4 Qxd4 18. Nxd4 Rfd8 19. Rd1 Rd5 20. Red2 Rad8 21. f3 e5 22. Nb3 Kf8 23. Kf2 Rxd2+ 24. Rxd2 Rxd2+ 25. Nxd2 Ke7 26. Ke3 Nd5+ 27. Ke4 Ke6 28. g3 Nc7 29. Kd3 f5 30. Kc4 Kd6 31. a4 Kc6 32. b4 a6 33. Kd3 Kd5 1/2-1/2

[Event "Budapest FS05 Nadassy"]
[Site "Budapest"]
[Date "2021.05.03"]
[Round "3.3"]
[White "Schenkerik, Csaba"]
[Black "Lazsadi, Kerka Lilla"]
[Result "1/2-1/2"]
[WhiteElo "1933"]
[BlackElo "1700"]
[PlyCount "60"]
[EventDate "2021.05.01"]
[EventType "schev"]
[EventRounds "10"]
[EventCountry "HUN"]
[SourceTitle "CBM 202 Extra"]
[Source "ChessBase"]
[SourceDate "2021.07.31"]
[SourceVersion "1"]
[SourceVersionDate "2021.07.31"]
[SourceQuality "1"]
[WhiteTeam "Stronger Row"]
[BlackTeam "Weaker Row"]
[WhiteTeamCountry "HUN"]
[BlackTeamCountry "HUN"]

1. c4 Nf6 2. Nc3 c5 3. g3 g6 4. Bg2 Bg7 5. d3 Nc6 6. e4 d6 7. Nge2 Be6 8. 0-0 Qc8 9. Nd5 Bg4 10. f3 Bd7 11. Rb1 e6 12. Ndc3 0-0 13. a3 Ne7 14. b4 b6 15. bxc5 bxc5 16. Nb5 Bxb5 17. cxb5 Nd7 18. Bg5 Re8 19. Qd2 Nb6 20. Rfc1 Qd7 21. d4 c4 22. a4 Nxa4 23. Bxe7 Rxe7 24. Rxc4 Nb6 25. Rc6 d5 26. Qb4 Rae8 27. e5 Qb7 28. Bf1 Bf8 29. Nf4 Rc8 30. Rxc8 Qxc8 1/2-1/2

[Event "Budapest FS05 Nadassy"]
[Site "Budapest"]
[Date "2021.05.01"]
[Round "1.3"]
[White "Schenkerik, Csaba"]
[Black "Gulacsi, Donat Ferenc"]
[Result "1-0"]
[WhiteElo "1933"]
[BlackElo "1855"]
[PlyCount "75"]
[EventDate "2021.05.01"]
[EventType "schev"]
[EventRounds "10"]
[EventCountry "HUN"]
[SourceTitle "CBM 202 Extra"]
[Source "ChessBase"]
[SourceDate "2021.07.31"]
[SourceVersion "1"]
[SourceVersionDate "2021.07.31"]
[SourceQuality "1"]
[WhiteTeam "Stronger Row"]
[BlackTeam "Weaker Row"]
[WhiteTeamCountry "HUN"]
[BlackTeamCountry "HUN"]

1. e4 c6 2. d4 d5 3. exd5 cxd5 4. c4 g6 5. Nc3 Nf6 6. Nf3 Bg7 7. cxd5 0-0 8. Bc4 Nbd7 9. 0-0 Nb6 10. Qb3 Bf5 11. Nh4 Bg4 12. h3 Qc8 13. hxg4 Qxc4 14. Qxc4 Nxc4 15. g5 Ne8 16. Nf3 Nc7 17. Re1 Rfe8 18. Bf4 Rac8 19. b3 Nb6 20. Bxc7 Rxc7 21. Nb5 Rd7 22. Nxa7 Rxd5 23. a4 Bxd4 24. Rac1 Bg7 25. Rc7 Rd7 26. Rxd7 Nxd7 27. Rc1 Ne5 28. Rc7 Rd8 29. Rxb7 Nxf3+ 30. gxf3 Rd5 31. Rb5 e6 32. Rxd5 exd5 33. a5 Kf8 34. a6 Bd4 35. Nc6 Bb6 36. a7 Bxa7 37. Nxa7 Ke7 38. Kf1 1-0

[Event "Budapest Vezerkepzo FM 2nd"]
[Site "Budapest"]
[Date "2021.04.23"]
[Round "10.1"]
[White "Toth, Lili1"]
[Black "Schenkerik, Csaba"]
[Result "0-1"]
[WhiteElo "1730"]
[BlackElo "1903"]
[PlyCount "92"]
[EventDate "2021.04.14"]
[EventType "schev"]
[EventRounds "10"]
[EventCountry "HUN"]
[SourceTitle "CBM 202 Extra"]
[Source "ChessBase"]
[SourceDate "2021.07.31"]
[SourceVersion "1"]
[SourceVersionDate "2021.07.31"]
[SourceQuality "1"]
[WhiteTeam "Team II"]
[BlackTeam "Team"]
[WhiteTeamCountry "HUN"]
[BlackTeamCountry "HUN"]

1. Nf3 d5 2. d4 c6 3. c4 e6 4. Nc3 Nf6 5. Bg5 dxc4 6. a4 Bb4 7. e4 b5 8. Be2 h6 9. Bxf6 Qxf6 10. 0-0 Bxc3 11. bxc3 0-0 12. Ne5 Bb7 13. f4 Qe7 14. Qc2 Nd7 15. Nxd7 Qxd7 16. f5 exf5 17. Rxf5 Rfe8 18. Raf1 Re7 19. Bg4 Qe8 20. e5 Bc8 21. R5f4 Bxg4 22. Rxg4 a6 23. axb5 cxb5 24. Qf2 a5 25. Qg3 g6 26. Qe3 h5 27. Rg3 Kh7 28. Rh3 f5 29. Qg5 b4 30. Rxf5 b3 31. Rf1 a4 32. g4 Rg7 33. Qf6 b2 34. Kh1 Qf8 35. gxh5 Qxf6 36. exf6 Rf7 37. hxg6+ Kxg6 38. Rg3+ Kh5 39. Rfg1 Kh4 40. Rg4+ Kh5 41. Rg5+ Kh6 42. R5g3 Ra5 43. Rg6+ Kh7 44. Rg7+ Rxg7 45. fxg7 Kg8 46. Rb1 a3 0-1

[Event "Budapest Vezerkepzo FM 2nd"]
[Site "Budapest"]
[Date "2021.04.19"]
[Round "6.1"]
[White "Majoros, Rozsa Evelin"]
[Black "Schenkerik, Csaba"]
[Result "0-1"]
[WhiteElo "1965"]
[BlackElo "1903"]
[PlyCount "76"]
[EventDate "2021.04.14"]
[EventType "schev"]
[EventRounds "10"]
[EventCountry "HUN"]
[SourceTitle "CBM 202 Extra"]
[Source "ChessBase"]
[SourceDate "2021.07.31"]
[SourceVersion "1"]
[SourceVersionDate "2021.07.31"]
[SourceQuality "1"]
[WhiteTeam "Team II"]
[BlackTeam "Team"]
[WhiteTeamCountry "HUN"]
[BlackTeamCountry "HUN"]

1. e4 c5 2. Nf3 e6 3. d4 cxd4 4. Nxd4 Nf6 5. Nc3 d6 6. Be3 Be7 7. Qe2 0-0 8. g4 a6 9. g5 Nfd7 10. h4 Nc6 11. 0-0-0 Nxd4 12. Bxd4 b5 13. Qd2 Bb7 14. Bg2 Nb6 15. Qe2 b4 16. Nb1 a5 17. f4 Qc7 18. h5 e5 19. Bxb6 Qxb6 20. g6 exf4 21. Nd2 Rac8 22. Bh3 Rc5 23. gxf7+ Kxf7 24. Rhg1 Kg8 25. h6 g6 26. Bf5 Kh8 27. Nb3 Re5 28. Bxg6 hxg6 29. Nd4 Bxe4 30. Qg4 f3 31. Qd7 f2 32. Rgf1 Qb7 33. Qg4 Bg5+ 34. Kb1 Rf4 35. Qg3 Qf7 36. Ne2 Rf3 37. Qh2 Bxc2+ 38. Kxc2 Qf5+ 0-1

[Event "Budapest Vezerkepzo FM 2nd"]
[Site "Budapest"]
[Date "2021.04.18"]
[Round "5.1"]
[White "Schenkerik, Csaba"]
[Black "Toth, Lili1"]
[Result "1-0"]
[WhiteElo "1903"]
[BlackElo "1730"]
[PlyCount "81"]
[EventDate "2021.04.14"]
[EventType "schev"]
[EventRounds "10"]
[EventCountry "HUN"]
[SourceTitle "CBM 202 Extra"]
[Source "ChessBase"]
[SourceDate "2021.07.31"]
[SourceVersion "1"]
[SourceVersionDate "2021.07.31"]
[SourceQuality "1"]
[WhiteTeam "Team"]
[BlackTeam "Team II"]
[WhiteTeamCountry "HUN"]
[BlackTeamCountry "HUN"]

1. d4 Nf6 2. Nf3 d5 3. Bf4 c5 4. dxc5 Nc6 5. e3 Bf5 6. Nd4 e6 7. Nxf5 exf5 8. c3 Bxc5 9. Nd2 Ne4 10. Nb3 Be7 11. Nd4 Qd7 12. Bb5 a6 13. Qa4 Rc8 14. Bxc6 bxc6 15. Qxa6 0-0 16. Qe2 c5 17. Qb5 Qxb5 18. Nxb5 g5 19. Be5 Rc6 20. Nc7 Rd8 21. Rd1 Nf6 22. Bxf6 Rxc7 23. Bxe7 Rxe7 24. 0-0 Red7 25. Rd2 d4 26. cxd4 cxd4 27. exd4 Rxd4 28. Rxd4 Rxd4 29. Rb1 Ra4 30. a3 Kf8 31. Kf1 Ke7 32. Ke2 h5 33. Rc1 Ra7 34. Rc3 Rb7 35. b4 Ke6 36. Rc5 Ra7 37. Ra5 Rxa5 38. bxa5 Kd6 39. Kd3 Kc6 40. Kd4 f6 41. a6 1-0

[Event "Budapest Vezerkepzo FM 2nd"]
[Site "Budapest"]
[Date "2021.04.16"]
[Round "3.1"]
[White "Schenkerik, Csaba"]
[Black "Pein, Jonathan"]
[Result "0-1"]
[WhiteElo "1903"]
[BlackElo "2200"]
[PlyCount "46"]
[EventDate "2021.04.14"]
[EventType "schev"]
[EventRounds "10"]
[EventCountry "HUN"]
[SourceTitle "CBM 202 Extra"]
[Source "ChessBase"]
[SourceDate "2021.07.31"]
[SourceVersion "1"]
[SourceVersionDate "2021.07.31"]
[SourceQuality "1"]
[WhiteTeam "Team"]
[BlackTeam "Team II"]
[WhiteTeamCountry "HUN"]
[BlackTeamCountry "HUN"]

1. e4 d5 2. exd5 Qxd5 3. Nc3 Qa5 4. Bc4 Nf6 5. h3 a6 6. d3 b5 7. Bb3 Bb7 8. Nf3 e6 9. Qe2 Be7 10. a4 c5 11. Bf4 0-0 12. 0-0 Qb6 13. Ne5 Nc6 14. Nf3 Nd4 15. Nxd4 cxd4 16. Ne4 Nd5 17. Bd2 Qc6 18. axb5 axb5 19. Rxa8 Bxa8 20. Qh5 Nb6 21. f3 Nd5 22. Bxd5 exd5 23. Ng5 h6 0-1

[Event "Budapest FS04 FM-B"]
[Site "Budapest"]
[Date "2021.04.03"]
[Round "1"]
[White "Zsatkovics, Endre"]
[Black "Schenkerik, Csaba"]
[Result "0-1"]
[WhiteElo "1652"]
[BlackElo "1903"]
[PlyCount "154"]
[EventDate "2021.04.03"]
[EventType "tourn"]
[EventRounds "9"]
[EventCountry "HUN"]
[SourceTitle "CBM 201 Extra"]
[Source "ChessBase"]
[SourceDate "2021.05.31"]
[SourceVersion "1"]
[SourceVersionDate "2021.05.31"]
[SourceQuality "1"]

1. e4 e5 2. Nf3 Nc6 3. Bb5 a6 4. Ba4 Nf6 5. 0-0 Be7 6. Re1 b5 7. Bb3 d6 8. c3 0-0 9. h3 Nb8 10. d4 Nbd7 11. Nbd2 c5 12. Nf1 Bb7 13. d5 Qc7 14. Ng3 g6 15. Bh6 Rfe8 16. Nh2 Bf8 17. Qd2 Kh8 18. Rad1 Ng8 19. Bxf8 Rxf8 20. Qg5 f6 21. Qh4 c4 22. Bc2 Nc5 23. Ng4 Qg7 24. Ne3 Bc8 25. Kh2 Nh6 26. f4 exf4 27. Qxf4 Nf7 28. Ng4 Bxg4 29. hxg4 Ne5 30. Re2 Qh6+ 31. Qxh6 Nxg4+ 32. Kh3 Nxh6 33. Rf2 Kg7 34. Ne2 Nf7 35. Rf4 Rae8 36. Ng3 Re5 37. b3 cxb3 38. axb3 Nd7 39. Rd4 Rc8 40. c4 b4 41. Rf1 Rce8 42. Kh2 Nc5 43. Rd2 Rg5 44. Kh3 Ne5 45. Rf4 Ned7 46. Rdf2 Rge5 47. Kg4 R5e7 48. Kh3 Rf7 49. Re2 Kf8 50. Kh2 Ke7 51. Re3 Kd8 52. Nf1 Kc7 53. Kg1 Kb6 54. Kf2 Ne5 55. Ke2 Ncd7 56. Nd2 Rc8 57. Nf3 Nxf3 58. Rexf3 Re8 59. g4 g5 60. Rf5 Ref8 61. Ke3 Ne5 62. Rg3 Ng6 63. Rf1 Nf4 64. Rh1 Rc8 65. Rh6 Rc5 66. Rg1 Ra5 67. Rhh1 Ra2 68. Rc1 Kc5 69. Rhd1 Re7 70. Rd2 Re8 71. Rh1 Re7 72. Rh6 Ng6 73. Rhh2 Ra3 74. Bd1 Ne5 75. Kf2 Rf7 76. Ke1 Re7 77. Rhf2 Rf7 0-1

[Event "Budapest FS09 Nadassy"]
[Site "Budapest"]
[Date "2018.09.09"]
[Round "8.4"]
[White "Hitesh, Vasanwala"]
[Black "Schenkerik, Csaba"]
[Result "1/2-1/2"]
[WhiteElo "1704"]
[BlackElo "2049"]
[PlyCount "64"]
[EventDate "2018.09.01"]
[EventType "schev"]
[EventRounds "10"]
[EventCountry "HUN"]
[SourceTitle "CBM 186 Extra"]
[Source "ChessBase"]
[SourceDate "2018.08.24"]
[SourceVersion "1"]
[SourceVersionDate "2018.08.24"]
[SourceQuality "1"]

1. d4 e6 2. Bf4 Nf6 3. e3 b6 4. Nf3 Bb7 5. Bd3 Be7 6. h3 0-0 7. 0-0 c5 8. c3 d5 9. Nbd2 Ne4 10. Qe2 f5 11. Ne5 Nd7 12. Rad1 Nxd2 13. Rxd2 c4 14. Bb1 b5 15. b3 Rc8 16. b4 Nxe5 17. Bxe5 Bf6 18. Bg3 a5 19. a3 axb4 20. axb4 Ra8 21. Ra2 Rxa2 22. Bxa2 Qb6 23. Ra1 Ra8 24. Qb2 Qa7 25. Bc7 Qa3 26. Qc2 Ra4 27. Bf4 g5 28. Bg3 Bc6 29. f4 Be8 30. Be1 gxf4 31. Bd2 Ra8 32. exf4 Qa7 1/2-1/2